Impact of irrigation on returns to scale - a study in different localised areas of a project (Record no. 23072)

000 -LEADER
fixed length control field 00379pab a2200121 454500
008 - FIXED-LENGTH DATA ELEMENTS--GENERAL INFORMATION
fixed length control field 180718b xxu||||| |||| 00| 0 eng d
100 ## - MAIN ENTRY--PERSONAL NAME
Personal name Ali Mohd, Iqbal
245 ## - TITLE STATEMENT
Title Impact of irrigation on returns to scale - a study in different localised areas of a project
650 ## - SUBJECT ADDED ENTRY--TOPICAL TERM
Topical term or geographic name entry element Irrigation - India
700 ## - ADDED ENTRY--PERSONAL NAME
Personal name Renuka, C.
773 ## - HOST ITEM ENTRY
Main entry heading Indian Journal of Regional Science
909 ## -
-- 23072
Holdings
Withdrawn status Lost status Damaged status Not for loan Permanent Location Current Location Date acquired Serial Enumeration / chronology Barcode Date last seen Price effective from Koha item type
        Indian Institute of Public Administration Indian Institute of Public Administration 2018-07-19 Issue no: 24(1) 92, p.15-25 AR23141 2018-07-19 2018-07-19 Articles

Powered by Koha